Diccionario de términos e ismos literarios

Saved in:
Bibliografiske detaljer
Format: Bog
Sprog:spansk
Udgivet: Madrid José Porrúa Turanzas 1976
Fag:
Tags: Tilføj Tag
Ingen Tags, Vær først til at tagge denne postø!

MARC

LEADER 00000nam a2200000 a 4500
001 UCW9471
003 CL-VaPUC
008 890425e19760000SP |||||||||||||||||spa|d
082 0 4 |a 803  |b DIC  |2 21 
245 1 0 |a Diccionario de términos e ismos literarios 
300 |a 143 p 
942 |c BK 
945 |d 19890425 00:00:00 
260 |a Madrid  |b José Porrúa Turanzas  |c 1976 
650 0 |a Literatura  |9 259151 
650 0 |a Diccionario Español   |9 255650 
583 |a last modification  |c 19890425 00:00:00  |k Rodrigo Vera 
999 |c 221442  |d 221440